000 00755cam a2200229 a 4500
999 _c342328
_d342328
003 NUST
005 20171218123958.0
008 170216b xxu||||| |||| 00| 0 eng d
020 _a0
040 _c0
082 _a808.02 WEI
100 1 _aWeidenborner, Stephen.
_97445
245 1 0 _aWriting research papers :
_ba guide to the process /
_cStephen Weidenborner, Domenick Caruso.
250 _a5th ed.
260 _aIslamabad :
_bNBF,
_cc1982..
300 _axv, 301p. :
_bill. ;
_c24 cm.
500 _aH.B
650 0 _aReport writing.
_93246
650 0 _aResearch.
_9552
700 1 _aCaruso, Domenick.
_97446
942 _cBK
_2ddc
_kIESE